01052mam a2200277u 45000010005000000030008000050050017000130080041000300350020000710350023000910350018001140350017001320400042001490410008001910820027001991000028002262450090002542460066003442600063004103000021004736500049004946500061005439420012006049990015006169520143006313820BD-RjUL20211208233804.0131221t1966 ncu 000 0 eng u a(OCoLC)19441288 a(OCoLC)ocm19441288 a(BD-RjUL)3854 a(NNC)2562354 cMLLdm.c.dNNCdBD-RjULaBD-RjULbeng aeng04216a 338.88 bKUS 19661 aKust, Matthew J.91216110aSupplement to Foreign enterprise in India :blaws and policies /cby Matthew J. Kust.3 aSupplement to foreign enterprise in India : laws and policies aChapel Hill :bUniversity of North Carolina Press,cc1966. a108 p. ;c23 cm. 0aBusiness enterprises, ForeignzIndia.912162 0aInvestments, ForeignxLaw and legislationzIndia.912163 2ddccBK c3820d3820 00102ddc40718NFICaRUCLbRUCLcReadingd1970-09-26eSwet and Zeithingerl0o338.88 KUS 1966r2013-12-21 00:00:00tC-1w2021-12-08yBK